| 000 | 01926nam a2200241 4500 | ||
|---|---|---|---|
| 001 | 0000000594 | ||
| 005 | 20250329165448.0 | ||
| 008 | 170718s2016 000 0 eng d | ||
| 040 |
_aCO-CtgCURN _bspa _ccoctgcurn |
||
| 082 | 0 |
_aINS 2016 _bB269 |
|
| 100 | 1 | _aBarraza Navarro, Carlos Alberto. | |
| 245 | 1 | 0 |
_aImplementación de un servicio de hosting con google cloud computing en la empresa ingenieria sistemas y servicios e.u. con el uso de buenas practicas de gestión de servicios de ti / _cCarlos Alberto Barraza Navarro; Dario Antonio Cabeza Cuadrado; Director: Emerson Madrid Morgan. |
| 260 |
_aCartagena de Indias : _bCorporacion Universitaria Rafael Nuñez, _c2016. |
||
| 504 | _aTrabajo de grado (Ingeniero de Sistemas). Corporacion Universitaria Rafael Nuñez. Facultad de Ingenieria. Ingenieria de Sistemas, 2018. | ||
| 520 | _aLa computacion en la nube es un termino tele informatico amplio que describe una variedad de servicios a los cuales se accede a traves de Internet, entre los principales servicios se tiene el Hardware, el Software y las Plataformas, todos estos disponibles en la modalidad de uso bajo demanda por un tiempo y parametros tecnicos especificos.(Madrid, 2016) La promesa de una reduccion significativa en la inversion en TI y una mayor flexibilidad que permite pagar solo por lo que se usa hace que este nuevo modelo de negocios este llamando la atencion de los CEOs y CFOs. (Aalbers 2012) | ||
| 650 | 0 |
_aIngenieria de sistemas _xTesis y disertaciones academicas. |
|
| 700 | 1 | _aBarraza Navarro, Carlos Alberto. | |
| 700 | 1 | _aCabeza Cuadrado, Dario Antonio. | |
| 700 | 1 | _aMadrid Morgan, Emerson. | |
| 856 |
_uhttps://unicurn.sharepoint.com/:b:/s/biblioteca/EflshVzJB2REvXGDynyIPZABp9i6S9zugbCk3wZYZkuXqQ?e=TJAC3J _zClick aqui para ver el recurso en texto completo |
||
| 942 |
_hINS 2016 _iB269 _2ddc _cTG |
||
| 999 |
_c4783 _d4783 |
||